书目信息 |
| 题名: |
Windows内核编程
|
|
| 作者: | 谭文 , 陈铭霖 著 | |
| 分册: | ||
| 出版信息: | 北京 电子工业出版社 2020.04 |
|
| 页数: | XVI, 639页 | |
| 开本: | 29cm | |
| 丛书名: | ||
| 单 册: | ||
| 中图分类: | TP316.7 | |
| 科图分类: | ||
| 主题词: | Windows操作系统--Windows cao zuo xi tong--程序设计 | |
| 电子资源: | ||
| ISBN: | 978-7-121-38488-2 | |
| 000 | 01077nam0 2200253 450 | |
| 001 | 202020141175 | |
| 005 | 20200926181358.0 | |
| 010 | @a978-7-121-38488-2@dCNY198.00 | |
| 100 | @a20200919d2020 em y0chiy50 ea | |
| 101 | 0 | @achi |
| 102 | @aCN@b110000 | |
| 105 | @aa z 000yy | |
| 106 | @ar | |
| 200 | 1 | @aWindows内核编程@AWindowsnei he bian cheng@f谭文, 陈铭霖著 |
| 210 | @a北京@c电子工业出版社@d2020.04 | |
| 215 | @aXVI, 639页@c图@d29cm | |
| 314 | @a谭文, 网名楚狂人, 已有十七年客户端安全软件开发经验。陈铭霖, 十余年终端开发经验, 先后担任深信服科技架构师、腾讯科技高级工程师。 | |
| 330 | @a本书前身是《Windows内核安全与驱动开发》, 重点围绕Windows操作系统的机制介绍内核安全编程技术, 除了少数特殊章节, 大部分内容均适用于Windows 2000至Windows 10操作系统, 体系结构覆盖32位以及64位。同时本书也深入浅出地介绍了汇编基础和系统内核机制。 | |
| 606 | 0 | @aWindows操作系统@AWindows cao zuo xi tong@x程序设计 |
| 690 | @aTP316.7@v5 | |
| 701 | 0 | @a谭文@Atan wen@4著 |
| 701 | 0 | @a陈铭霖@Achen ming lin@4著 |
| 801 | 0 | @aCN@c20200410 |
| 905 | @a河南城建学院图书馆@dTP316.7@eT135 | |
| Windows内核编程/谭文, 陈铭霖著.-北京:电子工业出版社,2020.04 |
| XVI, 639页:图;29cm |
| ISBN 978-7-121-38488-2:CNY198.00 |
| 本书前身是《Windows内核安全与驱动开发》, 重点围绕Windows操作系统的机制介绍内核安全编程技术, 除了少数特殊章节, 大部分内容均适用于Windows 2000至Windows 10操作系统, 体系结构覆盖32位以及64位。同时本书也深入浅出地介绍了汇编基础和系统内核机制。 |
| ● |
| 相关链接 |
|
|
|
正题名:Windows内核编程
索取号:TP316.7/T135
 
预约/预借
| 序号 | 登录号 | 条形码 | 馆藏地/架位号 | 状态 | 备注 |
| 1 | 1491313 | 214913138 | 自科库301/301自科库 88排1列2层/ [索取号:TP316.7/T135] | 在馆 |